01922cam a22003735a 4500999001700000001000900017005001700026008004100043010001700084020003100101020001500132040003800147082002100185245006300206250004000269260004800309300004300357500002300400500006800423504005300491650002900544650004700573651001000620653003300630655001400663700002900677942000800706952015100714952013500865952013401000952015001134952013201284952013201416 c24393d243651880632520190220114258.0151005t2016 nyua frbd 001 0 eng d a 2015036297 a9781259253065 (alk. paper) a1259253066 aDLCbengcDLCdEG-ScBUEdEG-ScBUE04a658.848bINT22200aInternational marketing /cPhilip R. Cateora ... [et al.]. a17th ed., International student ed. aNew York :bMcGraw Hill Education,cc.2016. axxxvi, 662 p. :bill. (col.) ;c28 cm. aIncludes glossary. aThis International student edition is for use outside the U. S. aIncludes bibliographical references and indexes. 7aExport marketing.2BUEsh 7aInternational business enterprises.2BUEsh 2BUEsh bBUSADMbBUSECOcFebruary2019 vText book1 aCateora, Philip R.99717 2ddc 00102ddc40708BaccahaMAINbMAINc1STd2017-03-12ePurchaseg550.00l3m10o658.848 INTp000041334r2025-07-15 00:00:00s2019-02-07v688.00yBB 00102ddc40708BaccahaMAINbMAINc1STd2017-03-12ePurchasel4m28o658.848 INTp000041333r2025-07-15 00:00:00s2022-02-21yBB 00102ddc40708BaccahaMAINbMAINc1STd2019-02-04ePurchasel2m3o658.848 INTp000044120r2025-07-15 00:00:00s2019-02-18yBB 00102ddc40708BaccahaMAINbMAINc1STd2019-02-20ePurchaseg550.00l3m5o658.848 INTp000044285r2025-07-15 00:00:00s2022-03-29v687.50yBB 00102ddc40708BaccahaMAINbMAINc1STd2019-02-20ePurchaseg550.00o658.848 INTp000044286r2025-07-15 00:00:00v687.50yBB 00102ddc40708BaccahaMAINbMAINc1STd2019-02-20ePurchaseg550.00o658.848 INTp000044287r2025-07-15 00:00:00v687.50yBB